000 03455cam a2200301 4500500
005 20260111150028.0
041 _afre
042 _adc
100 1 0 _aBardou, Magali
_eauthor
245 0 0 _aPolitiques publiques et gaz à effet de serre
260 _c2009.
500 _a88
520 _aRésuméSujet d’engagements successifs contractés par le gouvernement français depuis le début des années 2000, le changement climatique en cours interpelle de nombreux acteurs, au premier rang desquels se situent les collectivités locales. Si l’État et la législation ne leur montrent pas toujours la voie avec force ni clarté, les élus locaux ont su s’emparer eux-mêmes de la question, certains de façon opportuniste, d’autres, nombreux, avec sincérité. S’engageant plus volontiers dans l’ atténuation que dans l’ adaptation, les collectivités inventent ainsi depuis quelques années de nouveaux modes d’action et de décision plus partenariaux, plus participatifs. Parallèlement, elles sont le lieu d’un renouveau des modes de vie et des formes urbaines, qui semblent redonner de la valeur au vivre ensemble, ou au collectif, à rebours de la dynamique individualiste qui a prévalu ces dernières décennies.
520 _aPublic policies and the greenhouse effect : is town-dwelling better for the climate ?While the French government entered into many climate-related commitments since the early 2000, the current climatic change urges lots of actors to commit themselves, among which local authorities. If neither the State nor the legislation give them much clear help or direction, many mayors decided to get hold of the climate change stake, some of them in an opportunist way, and many of them with sincerity.Choosing the way of mitigation rather than adaptation, French local authorities have been, for some years, finding out some new decision and action models, including more participation of the inhabitants and local stakeholders. In the same time, some new ways of life and new urban shapes are locally emerging, collective-oriented more than individualistic as the standard used to be for some decades.
520 _aÖffentliche Politik, Treibhauseffekt und urbanes ZusammenlebenSeit Beginn dieses Jahrhunderts setzt der Klimawandel die französische Regierung, allen voran die Gebietskörperschaften, unter Zugzwang. Da Staat und Gesetzgebung bislang keine einheitliche und klare Linie verfolgten, haben viele lokale Volksvertreter – mache aus Opportunismus, viele aus Überzeugung – sich den Klimaschutz zu eigen gemacht. Gestärkt durch den Willen zur Problemlösung haben viele Gebietskörperschaften seit einigen Jahren neue, partnerschaftliche und partizipative Handlungs- und Entscheidungsmodi in der Klimapolitik entwickelt. Diese haben ihrerseits vom vorherrschenden Individualismus weg, hin zu einer Erneuerung des urbanen Zusammenlebens geführt.
690 _achangement climatique
690 _acollectivités locales
690 _agaz à effet de serre
690 _amodes de vie
690 _apolitiques publiques
690 _aclimate change
690 _agreenhouse effect gases
690 _alocal governments
690 _ameteorology
690 _aways of life
786 0 _nEthnologie française | 39 | 4 | 2009-10-06 | p. 667-676 | 0046-2616
856 4 1 _uhttps://shs.cairn.info/revue-ethnologie-francaise-2009-4-page-667?lang=fr&redirect-ssocas=7080
999 _c1636928
_d1636928